| 000 | 00633nam a2200229Ia 4500 | ||
|---|---|---|---|
| 005 | 20260320201804.0 | ||
| 008 | 008 262003s9999 xx 000 0 eng d | ||
| 037 | _aEBOOK | ||
| 040 | _aCRL | ||
| 040 | _beng | ||
| 040 | _cCRL | ||
| 041 | _2eng | ||
| 041 | _aeng | ||
| 084 | _qCRL | ||
| 100 |
_aMcConnaughy _9891926 |
||
| 245 | 0 | _aAWS Certified Advanced Networking – Specialty (ANS-C01) Certification Guide: A pragmatic guide to acing the AWS ANS-C01 exam | |
| 260 | _bIEEE | ||
| 856 | _uhttps://ieeexplore.ieee.org/servlet/opac?bknumber=11297090 | ||
| 942 | _cEBOOK | ||
| 999 |
_c1723537 _d1723537 |
||